| 000 | 00760cam a2200289 4500 | ||
|---|---|---|---|
| 001 | J106700 | ||
| 008 | 000000n1998 000 0 eng u | ||
| 035 | _a(Sirsi) u106700 | ||
| 041 | _aeng | ||
| 050 | _a333.33709421 | ||
| 110 |
_aJones Lang Wootton _92909 |
||
| 245 | _aCentral London offices report: city report - Fourth quarter 1998 | ||
| 260 |
_aLondon _bJones Lang Wootton _c1998 |
||
| 300 | _a8p. : ill. ; 30cm | ||
| 650 | _aCENTRAL LONDON | ||
| 650 | _aCITY OF LONDON | ||
| 650 | _aDOCKLANDS | ||
| 650 | _aFINANCE | ||
| 650 | _aFLOORSPACE STATISTICS | ||
| 650 | _aINVESTMENT | ||
| 650 | _aOFFICES | ||
| 650 | _aRENTS | ||
| 650 | _aSUPPLY | ||
| 650 | _aWEST END OF LONDON | ||
| 690 | _aPROPERTY-COMMERCIAL PROPERTY | ||
| 942 | _n0 | ||
| 999 |
_c100606 _d100606 |
||